Random Countries in Africa by Picture - Statistics

General Stats
  • This quiz has been taken 20 times
  • The average score is 12 of 15
Answer Stats
Picture Answer % Correct
Egypt
100%
Mali
100%
South Africa
100%
Madagascar
94%
Tunisia
89%
Libya
83%
Morocco
83%
Algeria
78%
Nigeria
78%
Kenya
72%
Senegal
72%
Ghana
67%
Mauritius
61%
Rwanda
50%
Mozambique
44%
No matching quizzes found
Score Distribution
Percent of People with Each Score
Percentile by Number Answered
Your Score History
You have not taken this quiz